ARRUPE JESUIT UNIVERSITY

CORONAVIRUS -STOP THE SPREAD - CLEAN,DISINFECT,COVER

The government of Poland = Consid^rations sur le gouvernement de Pologne.English (Record no. 31746)

MARC details
000 -LEADER
fixed length control field 00572nam a2200193Ia 4500
003 - CONTROL NUMBER IDENTIFIER
control field 0100
008 - FIXED-LENGTH DATA ELEMENTS--GENERAL INFORMATION
fixed length control field 130303s9999 xx 000 0 und d
040 ## - CATALOGING SOURCE
Transcribing agency ARRUPELIB
050 ## - LIBRARY OF CONGRESS CALL NUMBER
Classification number JN6750.R6213 1972
300 ## - PHYSICAL DESCRIPTION
Other physical details 116p. 21cm
100 ## - MAIN ENTRY--PERSONAL NAME
Personal name Rousseau, Jean-Jacques
245 #4 - TITLE STATEMENT
Title The government of Poland = Consid^rations sur le gouvernement de Pologne.English
260 ## - PUBLICATION, DISTRIBUTION, ETC. (IMPRINT)
Place of publication, distribution, etc Indianapolis
260 ## - PUBLICATION, DISTRIBUTION, ETC. (IMPRINT)
Name of publisher, distributor, etc Bobbs-Merrill
260 ## - PUBLICATION, DISTRIBUTION, ETC. (IMPRINT)
-- 1972
300 ## - PHYSICAL DESCRIPTION
Extent xxxix
700 ## - ADDED ENTRY--PERSONAL NAME
Personal name Jean-Jacques Rousseau , Title, Consid^rations sur le gouvernement de Pologne.English
942 00 - ADDED ENTRY ELEMENTS (KOHA)
Koha issues (borrowed), all copies 1
Holdings
Withdrawn status Lost status Source of classification or shelving scheme Damaged status Not for loan Collection code Home library Current library Shelving location Date acquired Total Checkouts Full call number Barcode Date last seen Date checked out Copy number Price effective from Koha item type
    Library of Congress Classification     Main Collection ARRUPE LIBRARY ARRUPE LIBRARY   04/03/2013 2 JN6750.R6213 1972 46003048948 21/06/2018 14/09/2016 1 04/03/2013 Monograph ( Printed materials)

 

Arrupe Library. PO Box MP320 Mt Pleasant, Harare, Zimbabwe
263 242 745411|librarian@aju.ac.zw